| 000 | 00911 a2200253 4500 | ||
|---|---|---|---|
| 005 | 20251205105618.0 | ||
| 008 | 251114b |||||||| |||| 00| 0 eng d | ||
| 020 | _a9781032572697 (pbk) | ||
| 037 | _cTB | ||
| 040 |
_aCRL _cCRL |
||
| 041 |
_2eng _aeng |
||
| 084 |
_aO111(Y11):g R6 _qCRL |
||
| 245 |
_aChildrens literature culture: _ban introduction |
||
| 260 |
_aNew York, USA; _aLondon, UK: _bRoutledge, _c2026. |
||
| 300 | _axvii, 328p. | ||
| 365 |
_b39.99 _cUKP |
||
| 490 | _aRoutledge introduction to young adult and childern's literature | ||
| 650 |
_aEnglish Literature _9851497 |
||
| 650 |
_aLiterature _9851498 |
||
| 650 |
_aChildren Literature _9851499 |
||
| 700 |
_aRowe, Rebecca _eeditor. _9851500 |
||
| 942 |
_cTB _2CC _n0 _hO111(Y11):g R6 |
||
| 999 |
_c1464834 _d1464834 |
||